=LDR 00000nam 2200000 4500 =001 INLIS000000000007461 =005 20130612095446 =008 ***********************************Ind** =035 ##$$0010-061300000007461 =041 ##$$a Ind =082 ##$$a 502 =090 ##$$a 502, Pre m =100 ##$$a PRESS, Hans Jurgen =245 ##$$a Melacak alam, Hans Jurgen Press. -- =260 ##$$a 1984 $b Bandung =300 ##$$a 232 hlm, ilus, 21 cm =650 ##$$a Ilmu Alam